00781nam a2200229Ia 450000500170000000800410001702000150005824500710007325000390014430000420018349000350022565000290026065000300028965000380031970000270035726400320038433600270041633700330044333800280047604000350050408400120053920220317000605.0160601s2004 ck a g 000 0 spa  a958200438X10aCuentos con final sorprendente cselección Rodrigo Argüello G. a1a. edición b2a. reimpresión  a134 páginasbilustraciones c19 cm  aColección montaña mágica142LEMBaCuentos juveniles 142LEMBaLiteratura juvenil 142LEMBaSorpresas en la literatura 1 aArgüello G., Rodrigo aBogotá bMagisterioc2004 atextobtxt2rdacontent asin mediaciónbn2rdamedia avolumenbnc2rdacarrier aCO-BoRNBPbspaerdacCO-BoRNBP aC CUE43